000 00437nam a2200121Ia 4500
008 200226s9999 xx 000 0 und d
020 _a978-621950-807-0
100 _aSiggaoat, Janine
245 _cJanine Siggaoat.--
_aFood and beverage services :
_bbasic learner's guide book 1 /
260 _aParaƱaque City :
_bJFS Publishing Services
_c2019
300 _avii , 285 pages :
_billustration ;
_c26 cm.
650 _aFood service management.
999 _c362982
_d362982